000 00380nam a2200145Ia 4500
008 100415s9999 xx 000 0 und d
082 _b808
_a799
100 _aShare,H
245 _aThe Gun : A Field And Afloat
260 _aLONDON
_c1904
_bCHAPMAN AND HALL
365 _b0
630 _aThe Gun : A Field And Afloat
730 _aThe Gun : A Field And Afloat
942 _cBOOK
999 _c583873
_d583870